La innovación tecnológica agropecuaria : aspectos metodológicos de la transferencia de tecnología /
Guardado en:
| Autor Principal: | |
|---|---|
| Otros Autores: | , , |
| Formato: | Libro |
| Publicado: |
Buenos Aires :
Hemisferio Sur,
1994
|
| Series: | Serie de la Academia de agronomía; No. 15
|
| Materias: | |
| Etiquetas: |
Agregar Etiqueta
Sin Etiquetas, Sea el primero en etiquetar este registro!
|
| LEADER | 00889nam a22002295a 4500 | ||
|---|---|---|---|
| 001 | CEM.cems017494 | ||
| 005 | 20110505082629.0 | ||
| 008 | 130507s1994##################000#0#####d | ||
| 003 | CEMS | ||
| 020 | |a 9879994930 | ||
| 082 | 0 | 4 | |a 338.16 |
| 100 | 1 | |a Ras, Norberto | |
| 245 | 1 | 0 | |a La innovación tecnológica agropecuaria : |b aspectos metodológicos de la transferencia de tecnología / |c Norberto Ras ... [et Al.] |
| 260 | |a Buenos Aires : |b Hemisferio Sur, |c 1994 | ||
| 300 | |a 389 p. | ||
| 490 | 0 | |a Serie de la Academia de agronomía; No. 15 | |
| 505 | 0 | |a La problemática de la innovación tecnológica en el sector agropecuario -- Aspectos metodológicos de la transferencia de tecnología | |
| 653 | |a Tecnología agropecuaria | ||
| 700 | 1 | |a Caimi, Roberto | |
| 700 | 1 | |a Fernández Alsina, Carlos | |
| 700 | 1 | |a Pastor, Carlos | |
| 859 | |a CEMS |b BIB. CEMS - Agricultura |h 338.16 |i R183 |p A1299.11 |t Ej.1 | ||
